Tuky v našej strave

Gespeichert in:
Bibliographische Detailangaben
1. Verfasser: Píri, Viktória (Verfasst von)
Weitere Verfasser: Schmidt, Štefan (Betreuung Doktorarbeit)
Format: Manuskript Buch
Sprache:Slowakisch
Veröffentlicht: 2022
Schlagworte:
Online-Zugang:http://is.stuba.sk/zp/portal_zp.pl?podrobnosti=156277
Tags: Tag hinzufügen
Keine Tags, Fügen Sie das erste Tag hinzu!

MARC

LEADER 00000ntm a22000003a 4500
001 stuzp90378
003 SK-STU
005 20220625211830.2
007 ta
008 150427s2015----xo-----f-mn---000-0-slo-d
040 |a STU  |b slo 
041 0 |a slo 
100 1 |a Píri, Viktória  |u 040250  |4 aut  |U FCHPT Ústav potravinárstva a výživy  |T FCHPT Oddelenie potravinárskej technológie  |X 104146  |U C0250  |Y 685  |7 104146 
242 0 1 |a Fats in our diet  |y eng 
245 1 0 |a Tuky v našej strave 
260 |c 2022 
650 4 |a tuky  |2 slo 
650 4 |a mastné kyseliny  |2 slo 
650 4 |a srdcovo-cievne ochorenia  |2 slo 
650 4 |a výživa  |2 slo 
650 4 |a obezita  |2 slo 
650 4 |a obesity  |2 eng 
650 4 |a oils  |2 eng 
650 4 |a fatty acids  |2 eng 
650 4 |a fats  |2 eng 
650 4 |a cardiovascular diseases  |2 eng 
700 1 |a Schmidt, Štefan  |u 040250  |k Z1  |4 ths  |U FCHPT Ústav potravinárstva a výživy  |T FCHPT Oddelenie potravinárskej technológie  |X 3318  |U C0250  |Y 685  |7 A000003318 
856 4 |u http://is.stuba.sk/zp/portal_zp.pl?podrobnosti=156277